| 000 | 01117nam a2200253 a 4500 | ||
|---|---|---|---|
| 001 | 000376267 | ||
| 003 | AM-YeHGA | ||
| 005 | 20250618072307.0 | ||
| 008 | 041102s1987 ai a|||gr|||||||||1|arm|d | ||
| 040 | _aAM-YeHGA | ||
| 041 | 1 |
_aarm _hrus |
|
| 100 | 1 | _aՄարշակ, Ս. | |
| 245 | 1 | 0 |
_aՏնակը : _b[Հեքիաթ] : Դպր. կրտսեր տարիքի համար / _cՍ. Մարշակ ; Թարգմ.՝ Լ. Սարգսյան ; Խմբ.՝ Էդ. Ավագյան ; Նկ.՝ Ս. Սաֆյան. |
| 246 | 1 | 5 | _aТеремок |
| 260 |
_aԵրևան : _bԱրևիկ, _c1987. |
||
| 300 |
_a37 էջ : _bգունանկ. ; _c26 սմ. |
||
| 546 | _aԲնագիրը զուգ.՝ հայ. և ռուս. լեզուներով | ||
| 650 | 1 | 4 |
_aՌուս մանկական գրականություն _xՀեքիաթ-պիես |
| 700 | 1 |
_aԱվագյան, Էդուարդ Սամվելի, _d1927-2010 _eխմբ. _4edt _91279 |
|
| 700 | 1 |
_aՍարգսյան, Լիպարիտ Տիգրանի, _d1938-2023 _eթարգմ. _4trl _91060 |
|
| 700 | 1 |
_aՍաֆյան, Սպարտակ Գևորգի, _d1929-2001 _eնկ. _4art _94028 |
|
| 942 |
_2udc _cBK |
||
| 090 | _c145173 | ||
| 999 |
_c143792 _d143792 |
||